Counties of Hungary - Statistics

General Stats
  • This quiz has been taken 5 times
  • The average score is 14 of 20
Answer Stats
Hint Answer % Correct
. komarom
100%
. bacs
80%
. bekes
80%
. borsod
80%
. jasz
80%
. nograd
80%
. pest
80%
. szabolcs
80%
. tolna
80%
zala
80%
. baranya
60%
. csongrad
60%
. fejer
60%
. gyor
60%
. hajdu
60%
. heves
60%
. vas
60%
. veszprem
60%
. budapest
40%
. somogy
40%
No matching quizzes found
Score Distribution
Percent of People with Each Score
Percentile by Number Answered
Your Score History
You have not taken this quiz